00774 2200205 4500001002100000005001500021035002000036008004100056041000800097082000700105100001900112245006400131260004500195084001300240250001500253300002300268500002200291650001100313520024400324INLIS00000000000222820220103104942 a0010-0521002228220103 g 0  aLat a580 aHASSKARL, J.K.1 aHortus Bogoriensis Descriptus sive retziae /cJ.K. Hasskarl aAmstelodami :bSumptibus F. Gunst,c1858 a58 HAS h aPars Prima a392 p., ill; 25 cm ain DVD no 50/2016 4aBOTANI aDeskripsi mengenai flora di Kebun Raya Bogor oleh seorang pendiri Perpustakaan Penelitian, Justus Karl Hasskarl. Buku ini adalah bagian pertama dari edisi terbaru mengenai flora-flora di Kebun Raya Bogor yang dijelaskan dalam bahasa Latin.